[Event "40. Rilton Cup 2010/2011"]
[Site "Stockholm SWE"]
[Date "2010.12.28"]
[Round "2.13"]
[White "Azizi, Haroon"]
[Black "Smith, Axel"]
[Result "0-1"]
[WhiteElo "2140"]
[BlackElo "2448"]
[PlyCount "113"]
[EventDate "2010.12.27"]
[EventRounds "9"]
[EventCountry "SWE"]
[Source "lmi"]
[SourceDate "2010.12.27"]

1. Nf3 Nf6 2. g3 d5 3. Bg2 g6 4. O-O Bg7 5. d3 O-O 6. Nbd2 c5 7. e4 Nc6 8. Re1
b6 9. a3 Re8 10. h3 e5 11. b3 Rb8 12. Bb2 d4 13. a4 a6 14. Nh2 b5 15. axb5 axb5
16. Qe2 Be6 17. Nhf3 Bh6 18. Reb1 Qd7 19. Kh2 Rec8 20. Bf1 Ne8 21. Bc1 Nd6 22.
Ne1 Kg7 23. Ndf3 Bxc1 24. Rxc1 f6 25. Nd2 Ra8 26. Qd1 Qb7 27. Rxa8 Rxa8 28. Ra1
Ra6 29. Qc1 Qa7 30. Rxa6 Qxa6 31. Be2 Nb4 32. f4 exf4 33. gxf4 Nf7 34. Bg4 Bxg4
35. hxg4 Qd6 36. Ndf3 g5 37. Kg3 Kf8 38. Qd2 Ke8 39. Ng2 gxf4+ 40. Nxf4 Ng5 41.
Nh4 Ne6 42. Nhg2 c4 43. bxc4 bxc4 44. dxc4 Ng5 45. Qe2 Qe5 46. c5 Qxc5 47. Kh2
Kf7 48. Kh1 Qxc2 49. Qb5 Qd1+ 50. Kh2 Qxg4 51. Qc4+ Ne6 52. Nxe6 Qxe6 53. Qxb4
Qe5+ 54. Kg1 Qxe4 55. Qc4+ Ke7 56. Qc5+ Ke6 57. Qc4+ 0-1

[Event "40. Rilton Cup 2010/2011"]
[Site "Stockholm SWE"]
[Date "2010.12.30"]
[Round "4.20"]
[White "Wenzel, Birger"]
[Black "Arman, Deniz"]
[Result "1-0"]
[WhiteElo "2060"]
[BlackElo "2297"]
[PlyCount "118"]
[EventDate "2010.12.27"]
[EventRounds "9"]
[EventCountry "SWE"]
[Source "lmi"]
[SourceDate "2010.12.27"]

1. d4 Nf6 2. c4 c5 3. d5 b5 4. Nd2 Qa5 5. Qc2 bxc4 6. e4 Ba6 7. Ngf3 e6 8. Bxc4
exd5 9. exd5 Bxc4 10. Qxc4 Qa6 11. b3 Qd6 12. O-O Qxd5 13. Re1+ Be7 14. Bb2
Qxc4 15. Nxc4 Kd8 16. Nfe5 Rf8 17. Rad1 Ne8 18. Ne3 f6 19. Nd3 Rf7 20. Nd5 Bd6
21. Rc1 Nc6 22. Nxc5 Bxc5 23. Rxc5 Nc7 24. Nf4 Rb8 25. Rd1 Kc8 26. Bc1 Rb5 27.
Rc2 Re7 28. Be3 Rbe5 29. Rcd2 f5 30. h4 g6 31. Kh2 Ra5 32. Rc1 Kb7 33. Nd3 Rd5
34. Nc5+ Kc8 35. Rdc2 Ne6 36. Nxd7 Kxd7 37. Rxc6 Ra5 38. a4 f4 39. Bd2 Rh5 40.
Bb4 Re8 41. Rd6+ Ke7 42. Re1 Kf6 43. Ra6 Rxh4+ 44. Kg1 f3 45. Bc3+ Kf7 46.
Rxa7+ Re7 47. Rxe7+ Kxe7 48. g3 Rh5 49. Re3 Rf5 50. b4 Kd7 51. Re5 Rf8 52. Bd2
Rc8 53. Re4 Rc2 54. Be3 Ra2 55. a5 Ra4 56. g4 Nd8 57. Bf4 Nf7 58. g5 Nd8 59.
Bg3 Ne6 1-0

[Event "40. Rilton Cup 2010/2011"]
[Site "Stockholm SWE"]
[Date "2010.12.31"]
[Round "5.4"]
[White "Macieja, Bartlomiej"]
[Black "Semcesen, Daniel"]
[Result "1-0"]
[WhiteElo "2636"]
[BlackElo "2449"]
[PlyCount "105"]
[EventDate "2010.12.27"]
[EventRounds "9"]
[EventCountry "SWE"]
[Source "lmi"]
[SourceDate "2010.12.27"]

1. Nf3 d5 2. d4 Nf6 3. c4 dxc4 4. Nc3 c6 5. a4 e6 6. e3 c5 7. Bxc4 Nc6 8. O-O
cxd4 9. exd4 Be7 10. Bg5 O-O 11. Qd2 b6 12. d5 Na5 13. Ba2 Nxd5 14. Nxd5 Bxg5
15. Nxg5 exd5 16. Qxd5 Qxd5 17. Bxd5 Bb7 18. Ba2 h6 19. Nxf7 Rxf7 20. Rac1 Nc6
21. Rfd1 Raf8 22. Rd7 Ba8 23. b4 a6 24. f4 b5 25. axb5 axb5 26. Rc5 g6 27. f5
gxf5 28. Rxf7 Rxf7 29. Rxf5 Nd8 30. Rxb5 Kg7 31. Bxf7 Nxf7 32. Rb8 Be4 33. b5
Nd6 34. b6 Nb7 35. Kf2 Kf6 36. g3 Bd5 37. Ke3 Kf5 38. Rh8 Kg5 39. Kd4 Bf3 40.
Ke5 Nc5 41. Rg8+ Kh5 42. Rg7 Bg2 43. Kf5 Be4+ 44. Kf6 Nb7 45. Re7 Bg2 46. Kf5
Nd6+ 47. Kf4 Nb7 48. Rg7 Nc5 49. Ke3 Bh1 50. Kf2 Be4 51. Kg1 Bf3 52. h3 Ne6 53.
b7 1-0

[Event "40. Rilton Cup 2010/2011"]
[Site "Stockholm SWE"]
[Date "2010.12.31"]
[Round "5.9"]
[White "Holmsten, Aleksei"]
[Black "Ulibin, Mikhail"]
[Result "0-1"]
[WhiteElo "2381"]
[BlackElo "2552"]
[PlyCount "120"]
[EventDate "2010.12.27"]
[EventRounds "9"]
[EventCountry "SWE"]
[Source "lmi"]
[SourceDate "2010.12.27"]

1. e4 e6 2. d4 d5 3. exd5 exd5 4. c4 Nf6 5. Nc3 Bb4 6. Bd3 dxc4 7. Bxc4 O-O 8.
Nge2 Nc6 9. O-O h6 10. h3 Bf5 11. Qb3 Bxc3 12. bxc3 Na5 13. Qb5 c5 14. Qxc5 Bc2
15. Ba3 Nxc4 16. Qxc4 Re8 17. Rfe1 Rc8 18. Qb5 Be4 19. Ng3 Rxc3 20. Nxe4 Rxe4
21. Rxe4 Nxe4 22. Bb4 Rc7 23. Re1 Nf6 24. Qe5 Qd7 25. Be7 Nd5 26. Bd6 Rc6 27.
Qxd5 Rxd6 28. Re8+ Kh7 29. Qe4+ f5 30. Qe5 Rd5 31. Qe6 Qxe6 32. Rxe6 Rxd4 33.
Re7 Rb4 34. Rc7 Rb1+ 35. Kh2 Rb2 36. Kg3 a5 37. a4 Rb3+ 38. f3 b6 39. Rf7 Kg6
40. Rc7 Rb4 41. Rc6+ Kf7 42. Rc7+ Kf6 43. Rc6+ Kf7 44. h4 h5 45. Rd6 f4+ 46.
Kf2 Rxa4 47. Rxb6 Rb4 48. Ra6 a4 49. Ke2 Rd4 50. Ra7+ Kf6 51. Ra5 Ke6 52. Rxh5
Rd5 53. Rh8 Ra5 54. Kd3 a3 55. Re8+ Kf5 56. Re1 a2 57. Ra1 Kg6 58. Ke2 Kh5 59.
Kf2 Kxh4 60. Rh1+ Kg5 0-1

[Event "40. Rilton Cup 2010/2011"]
[Site "Stockholm SWE"]
[Date "2010.12.31"]
[Round "5.23"]
[White "Sagit, Rauan"]
[Black "Eriksson, Jorgen"]
[Result "1/2-1/2"]
[WhiteElo "2406"]
[BlackElo "2202"]
[PlyCount "115"]
[EventDate "2010.12.27"]
[EventRounds "9"]
[EventCountry "SWE"]
[Source "lmi"]
[SourceDate "2010.12.27"]

1. e4 d6 2. d4 Nf6 3. Nc3 e5 4. dxe5 dxe5 5. Qxd8+ Kxd8 6. Bg5 Be6 7. O-O-O+
Nbd7 8. Nd5 Kc8 9. f3 Nxd5 10. exd5 Bf5 11. g4 Bg6 12. h4 h6 13. Be3 Bc5 14.
Bxc5 Nxc5 15. Bh3 a5 16. h5 Bh7 17. g5+ Kb8 18. gxh6 gxh6 19. Ne2 Ra6 20. Rhe1
Rf6 21. Bg4 Rg8 22. a3 Bf5 23. Nc3 Bxg4 24. fxg4 Nd7 25. Re4 Rf4 26. Rxf4 exf4
27. Rf1 Rxg4 28. Ne2 Rg5 29. Rxf4 f6 30. c4 Rxh5 31. Ng3 Rh3 32. Ne4 Ne5 33.
Rxf6 Nxc4 34. Rf8+ Ka7 35. Rf7 Rh1+ 36. Kc2 Ne3+ 37. Kd3 Nxd5 38. Kd4 Rd1+ 39.
Ke5 Nb6 40. Rxc7 Rd5+ 41. Ke6 Rb5 42. b4 axb4 43. Nd6 Rg5 44. axb4 Rg6+ 45. Ke5
Rg5+ 46. Ke4 Rg4+ 47. Kd3 Rxb4 48. Rxb7+ Ka6 49. Rh7 Rh4 50. Nf5 Rh5 51. Rf7
Rg5 52. Nxh6 Kb5 53. Nf5 Rh5 54. Nd4+ Ka6 55. Kc3 Rh3+ 56. Kb4 Rh4 57. Kc5 Na4+
58. Kc4 1/2-1/2

[Event "40. Rilton Cup 2010/2011"]
[Site "Stockholm SWE"]
[Date "2011.01.02"]
[Round "6.6"]
[White "Karlsson, Lars"]
[Black "Smith, Axel"]
[Result "1-0"]
[WhiteElo "2466"]
[BlackElo "2448"]
[PlyCount "99"]
[EventDate "2010.12.27"]
[EventRounds "9"]
[EventCountry "SWE"]
[Source "lmi"]
[SourceDate "2010.12.27"]

1. b3 e5 2. Bb2 Nc6 3. e3 d5 4. Bb5 Bd6 5. f4 f6 6. Ne2 Nge7 7. fxe5 fxe5 8.
O-O Bg4 9. e4 Qd7 10. exd5 Nxd5 11. Nbc3 Nf6 12. d4 O-O-O 13. dxe5 Bxe5 14.
Qxd7+ Rxd7 15. h3 Bh5 16. Nf4 Bf7 17. Nd3 Bd4+ 18. Kh2 Bg6 19. Na4 Re8 20. Rae1
Bxb2 21. Bxc6 bxc6 22. Rxe8+ Bxe8 23. Naxb2 Bg6 24. Re1 c5 25. Re2 Ne4 26. Na4
c4 27. Ne5 Rd2 28. Rxd2 Nxd2 29. Nxg6 hxg6 30. Kg3 Kd7 31. Kf4 cxb3 32. axb3
Ke6 33. Nc3 c6 34. Ke3 Nf1+ 35. Kf2 Nh2 36. Kg1 Ke5 37. Kxh2 Kd4 38. Na4 Ke3
39. Kg3 Kd2 40. c4 Kc2 41. Nc5 Kc3 42. Kf4 Kb4 43. Nb7 Kxb3 44. Na5+ Kc3 45.
Ke5 a6 46. Kd6 Kb4 47. Kxc6 Kxa5 48. Kd6 g5 49. c5 g6 50. c6 1-0

[Event "40. Rilton Cup 2010/2011"]
[Site "Stockholm SWE"]
[Date "2011.01.02"]
[Round "6.29"]
[White "Bouaraba, Max"]
[Black "Wiander, Michael"]
[Result "1-0"]
[WhiteElo "2219"]
[BlackElo "2158"]
[PlyCount "41"]
[EventDate "2010.12.27"]
[EventRounds "9"]
[EventCountry "SWE"]
[Source "lmi"]
[SourceDate "2010.12.27"]

1. d4 d5 2. Bg5 Nc6 3. c4 f6 4. Bh4 e5 5. dxe5 Bb4+ 6. Nd2 dxc4 7. Ngf3 Bg4 8.
a3 Ba5 9. e3 Bxf3 10. gxf3 Qd5 11. Qc2 Nxe5 12. O-O-O Bxd2+ 13. Rxd2 Qxf3 14.
Rg1 Ne7 15. Rxg7 Nf5 16. Be2 Qh3 17. Bxf6 Nxg7 18. Bxg7 Ng6 19. Bxh8 Nxh8 20.
Qe4+ Kf8 21. Qf4+ 1-0

[Event "40. Rilton Cup 2010/2011"]
[Site "Stockholm SWE"]
[Date "2011.01.03"]
[Round "7.4"]
[White "Ulibin, Mikhail"]
[Black "Karlsson, Lars"]
[Result "0-1"]
[WhiteElo "2552"]
[BlackElo "2466"]
[PlyCount "82"]
[EventDate "2010.12.27"]
[EventRounds "9"]
[EventCountry "SWE"]
[Source "lmi"]
[SourceDate "2010.12.27"]

1. d4 f5 2. g3 Nf6 3. Bg2 e6 4. c4 Bb4+ 5. Nd2 O-O 6. Ngf3 d6 7. O-O Bxd2 8.
Qxd2 a5 9. b3 Qe7 10. Bb2 Nbd7 11. Qc2 Ne4 12. Ne1 Ndf6 13. Nd3 Bd7 14. Rad1 a4
15. Qc1 h6 16. Nf4 Qe8 17. b4 b5 18. f3 Ng5 19. h4 Ngh7 20. cxb5 a3 21. Ba1 Nd5
22. Nxd5 exd5 23. Qxc7 Bxb5 24. Qxd6 Bc4 25. Rf2 Ra6 26. Qf4 g5 27. Qd2 f4 28.
gxf4 gxf4 29. Rc1 Rg6 30. Rxc4 dxc4 31. d5 Qe3 32. Qd4 Qxd4 33. Bxd4 Nf6 34.
Bc5 Nxd5 35. Kh2 Ne3 36. Bh3 Rd8 37. b5 c3 38. Bxa3 c2 39. b6 Rxb6 40. Rg2+
Nxg2 41. Kxg2 Rd1 0-1

[Event "40. Rilton Cup 2010/2011"]
[Site "Stockholm SWE"]
[Date "2011.01.04"]
[Round "8.7"]
[White "Sipila, Vilka"]
[Black "Ivanov, Sergey"]
[Result "0-1"]
[WhiteElo "2262"]
[BlackElo "2536"]
[PlyCount "64"]
[EventDate "2010.12.27"]
[EventRounds "9"]
[EventCountry "SWE"]
[Source "lmi"]
[SourceDate "2010.12.27"]

1. e4 e6 2. d4 d5 3. Nc3 Bb4 4. e5 Ne7 5. Qg4 c5 6. a3 Qa5 7. Bd2 cxd4 8. Nb1
Bxd2+ 9. Nxd2 O-O 10. Bd3 Nbc6 11. Ngf3 Ng6 12. O-O-O Qc7 13. Qh5 h6 14. Bxg6
fxg6 15. Qxg6 Nxe5 16. Nxe5 Qxe5 17. Nf3 Qf4+ 18. Kb1 e5 19. Qd6 Bg4 20. Qxd5+
Kh7 21. Rd3 Bf5 22. Rd2 Rfe8 23. Re1 Rad8 24. Qb3 d3 25. cxd3 e4 26. Rde2 Rxd3
27. Qb4 Rxf3 28. Qa4 e3+ 29. Qe4 Bxe4+ 30. Kc1 exf2+ 31. Re3 Rxe3 32. Kd1 Rxe1#
0-1

[Event "40. Rilton Cup 2010/2011"]
[Site "Stockholm SWE"]
[Date "2011.01.05"]
[Round "9.11"]
[White "Brynell, Stellan"]
[Black "Straeter, Timo"]
[Result "1-0"]
[BlackElo "2325"]
[PlyCount "99"]
[EventDate "2010.12.27"]
[EventRounds "9"]
[EventCountry "SWE"]
[Source "lmi"]
[SourceDate "2010.12.27"]
[WhiteElo "2492"]

1. d4 Nf6 2. c4 e6 3. Nc3 Bb4 4. e3 O-O 5. Bd3 Nc6 6. Nge2 d5 7. O-O dxc4 8.
Bxc4 e5 9. a3 Bd6 10. d5 Ne7 11. Ng3 Ng6 12. Bd3 Re8 13. f3 a6 14. b4 Bd7 15.
Bb2 Ne7 16. Qb3 Qb8 17. Kh1 b5 18. Nge4 Nxe4 19. Nxe4 Qb7 20. Rfd1 Nf5 21. Nc5
Qc8 22. Re1 Nh4 23. Rac1 Qd8 24. Qc2 Bc8 25. Bxh7+ Kh8 26. Bd3 f5 27. Qf2 Qg5
28. f4 Qh6 29. g3 Ng6 30. Rf1 e4 31. Bc2 Ne7 32. Bb3 Ng8 33. Kg2 Nf6 34. h3 Re7
35. Rh1 Bd7 36. Rhd1 Be8 37. Rd2 Bh5 38. Bd1 Bf7 39. Bb3 Bh5 40. Bd1 Bf7 41.
Ne6 Bxe6 42. dxe6 Rxe6 43. g4 Qh7 44. g5 Nh5 45. Rd5 Rf8 46. Bd4 Kg8 47. Rc6
Kf7 48. Bxh5+ Qxh5 49. Rxf5+ Kg6 50. Rxf8 1-0